000 00319nam a2200133Ia 4500
008 151213s9999 xx 000 0 und d
245 _aSAS Procedure Guide Version - 6
250 _a3rd
260 _aCary Ne.USA
_bSAS Institute
_c1995
300 _a3111 p.
650 _aComputer
650 _aComputer
999 _c2136
_d2136